| 000 | 00595nam a22001577a 4500 | ||
|---|---|---|---|
| 005 | 20120510152534.0 | ||
| 020 |
_a8178295709 _c680.00 |
||
| 035 | _aB-167005 | ||
| 037 |
_aDPL _bENG |
||
| 100 |
_aParker, Barbara _946854 |
||
| 245 |
_aIntroduction to globalization and business : _bRelationships and responsibilities / _cby Barbara Parker |
||
| 260 |
_aNew Delhi _bResponse Books _c2005 |
||
| 300 |
_axi, 523p. _c24 cms. |
||
| 942 |
_2ddc _cEN _h337.1 _mPAR |
||
| 999 |
_c66447 _d66447 |
||